| 000 | 00440nam a22001217a 4500 | ||
|---|---|---|---|
| 999 |
_c9959 _d9959 |
||
| 003 | OSt | ||
| 008 | 201217b ||||| |||| 00| 0 eng d | ||
| 245 | _aThe Indian Journal of Technical Education | ||
| 250 | _a2017(Jan-Mar Vol.40 No.1, Apr-Jun Vol.40 No.2, Jul-Sep Vol.40 No.3, Oct-Dec Vol.40 No.4) | ||
| 260 |
_aNew Delhi _bISTE - Indian Society for Technical Education |
||
| 650 | _aElectronics and Communication Engineering | ||
| 942 |
_2ddc _cBV |
||